Statistics for Radiohead All Songs (New)

Click here to take the quiz!

General Stats

  • This quiz has been taken 53 times
  • The average score is 88 of 167

Answer Stats

HintAnswer% Correct
The BendsThe Bends
100%
Pablo HoneyCreep
96%
The BendsFake Plastic Trees
96%
My Iron Lung EP | The BendsMy Iron Lung
96%
OK ComputerAirbag
92%
OK ComputerParanoid Android
92%
The BendsJust
88%
OK ComputerKarma Police
88%
Kid AKid A
88%
OK ComputerExit Music (For a Film)
84%
OK ComputerNo Surprises
84%
Drill EP | Pablo HoneyYou
84%
Hail To the Thief2 + 2 = 5
80%
The BendsHigh And Dry
80%
The BendsStreet Spirit (Fade Out)
80%
In RainbowsWeird Fishes/Arpeggi
80%
OK ComputerClimbing Up the Walls
76%
OK ComputerElectioneering
76%
OK ComputerFitter Happier
76%
OK ComputerLet Down
76%
OK ComputerLucky
76%
AmnesiacMorning Bell/Amnesiac
76%
In RainbowsNude
76%
Kid AOptimistic
76%
The BendsPlanet Telex
76%
OK ComputerThe Tourist
76%
In Rainbows15 Step
72%
Pablo HoneyAnyone Can Play Guitar
72%
The BendsBlack Star
72%
Kid AEverything In Its Right Place
72%
In RainbowsJigsaw Falling Into Place
72%
The King Of LimbsLotus Flower
72%
AmnesiacPyramid Song
72%
Kid ATreefingers
72%
In RainbowsAll I Need
68%
Hail To the ThiefA Wolf At the Door
68%
The BendsBones
68%
The BendsBullet Proof ... I Wish I Was
68%
A Moon Shaped PoolBurn the Witch
68%
The King Of LimbsCodex
68%
Kid AHow To Disappear Completely
68%
Kid AIdioteque
68%
AmnesiacKnives Out
68%
Kid AMorning Bell
68%
Kid AMotion Picture Soundtrack
68%
The Bends(Nice Dream)
68%
AmnesiacPulk/Pull Revolving Doors
68%
OK ComputerSubterranean Homesick Alien
68%
Kid AThe National Anthem
68%
A Moon Shaped PoolTrue Love Waits
68%
In RainbowsVideotape
68%
In RainbowsBodysnatchers
64%
In RainbowsFaust Arp
64%
A Moon Shaped PoolFul Stop
64%
OKC OKNOTOK (previously unreleased)Man Of War
64%
In RainbowsReckoner
64%
The BendsSulk
64%
In RainbowsHouse of Cards
60%
AmnesiacHunting Bears
60%
Kid AIn Limbo
60%
Hail To the ThiefI Will
60%
AmnesiacLike Spinning Plates
60%
Hail To the ThiefMyxomatosis
60%
Hail To the ThiefThere, There
60%
A Moon Shaped PoolTinker Tailor Soldier Sailor Rich Man Poor Man Beggar Man Thief
60%
Kid AUntitled
60%
Pablo HoneyVegetable
60%
A Moon Shaped PoolDaydreaming
56%
A Moon Shaped PoolGlass Eyes
56%
A Moon Shaped PoolIdentikit
56%
AmnesiacI Might Be Wrong
56%
OKC OKNOTOK (previously unreleased)Lift
56%
The King Of LimbsLittle by Little
56%
AmnesiacPackt Like Sardines In a Crushd Tin Box
56%
Hail To the ThiefSail To The Moon
56%
A Moon Shaped PoolThe Numbers
56%
Hail To the ThiefWe Suck Young Blood
56%
Hail To the ThiefA Punch Up At a Wedding
52%
The King Of LimbsBloom
52%
Pablo HoneyBlow Out
52%
A Moon Shaped PoolDecks Dark
52%
AmnesiacDollars and Cents
52%
The King Of LimbsGive Up the Ghost
52%
Hail To the ThiefGo To Sleep
52%
Pablo HoneyHow Do You?
52%
OK Computer B-SidesHow I Made My Millions
52%
AmnesiacLife In a Glasshouse
52%
The King Of LimbsMorning Mr Magpie
52%
Hail To the ThiefScatterbrain
52%
In Rainbows (Bonus Album)Bangers + Mash
48%
A Moon Shaped PoolDesert Island Disk
48%
The King Of LimbsFeral
48%
Pablo HoneyI Can't
48%
The Bends B-SidesKiller Cars
48%
The King Of LimbsSeparator
48%
Hail To the ThiefSit Down. Stand Up.
48%
Pablo HoneyStop Whispering
48%
Hail To the ThiefThe Gloaming
48%
Hail To the ThiefWhere I End And You Begin
48%
AmnesiacYou And Whose Army?
48%
In Rainbows (Bonus Album)4 Minute Warning
44%
Hail To the ThiefBackdrifts
44%
OKC OKNOTOK (previously unreleased)I Promise
44%
Pablo Honey B-Sides/SinglesPop Is Dead
44%
Pablo HoneyRipcord
44%
In Rainbows (Bonus Album)Up On The Ladder
44%
In Rainbows (Bonus Album)Down Is The New Up
40%
Misc SingleHarry Patch (In Memory Of)
40%
The Bends B-SidesIndia Rubber
40%
Pablo HoneyLurgee
40%
A Moon Shaped PoolPresent Tense
40%
Misc SingleSpectre
40%
Drill EPStupid Car
40%
The Bends B-SidesTalk Show Host
40%
Drill EP | Pablo HoneyThinking About You
40%
KID A MNESIA (previously unreleased)Follow Me Around
36%
In Rainbows (Bonus Album)Go Slowly
36%
My Iron Lung EPLewis (Mistreated)
36%
Airbag/How Am I Driving? EPMeeting in the Aisle
36%
Pablo Honey B-SidesMillion Dollar Question
36%
In Rainbows (Bonus Album)MK 1
36%
In Rainbows (Bonus Album)MK 2
36%
My Iron Lung EPPunchdrunk Lovesick Singalong
36%
My Iron Lung EPThe Trickster
36%
Pablo Honey B-SidesCoke Babies
32%
Amnesiac B-SidesCuttooth
32%
KID A MNESIA (previously unreleased)If You Say The Word
32%
In Rainbows (Bonus Album)Last Flowers
32%
My Iron Lung EPLozenge of Love
32%
Airbag/How Am I Driving? EPPalo Alto
32%
Misc SingleStaircase
32%
Amnesiac B-SidesTrans-Atlantic Drawl
32%
The Bends B-SidesBishop's Robes
28%
Amnesiac B-SidesFog
28%
The Bends B-SidesHow Can You Be Sure?
28%
Hail To the Thief B-SidesI Am a Wicked Child
28%
Hail To the Thief B-SidesI Am Citizen Insane
28%
Pablo Honey B-SidesInside My Head
28%
OK Computer B-SidesLull
28%
Hail To the Thief B-SidesPaperbag Writer
28%
Airbag/How Am I Driving? EPPearly*
28%
My Iron Lung EPPermanent Daylight
28%
Airbag/How Am I Driving? EPPolyethylene (Parts 1 & 2)
28%
Drill EP | Pablo HoneyProve Yourself
28%
Misc SingleSupercollider
28%
Misc SingleThe Butcher
28%
My Iron Lung EPYou Never Wash Up After Yourself
28%
Airbag/How Am I Driving? EPA Reminder
24%
The Bends B-SidesBanana Co
24%
Misc SingleDaily Mail
24%
Pablo Honey B-SidesFaithless the Wonder Boy
24%
Amnesiac B-SidesFast Track
24%
Hail To the Thief B-SidesGagging Order
24%
Amnesiac B-SidesKinetic
24%
The Bends B-SidesMolasses
24%
Amnesiac B-SidesThe Amazing Sounds of Orgy
24%
Misc SingleThese Are My Twisted Words
24%
Hail To the Thief B-SidesWhere Bluebirds Fly
24%
Pablo Honey B-SidesYes I Am
24%
The Bends B-SidesMaquiladora
20%
Amnesiac B-SidesWorrywort
20%
Misc SingleI Want None of This
16%
Airbag/How Am I Driving? EPMelatonin
16%

Score Distribution

Percentile by Number Answered

Percent of People with Each Score

Your Score History

You have not taken this quiz